00543nam a2200133Ia 4500008004100000100002300041245009300064245003800157260000900195650003500204856007800239999001900317952007300336160609s9999 xx 000 0 und d aHoulahan, Michael. aKodály In The Fifth Grade Classroom: Developing The Creative Brain In The 21st Century cBy:Micheal Houlahan, Philip Tacka c2015 xCHILD & ADOLESCENT DEVELOPMENT uhttp://file.ebook777.com/011/KodInTheFifGraClaDevTheCreBraInThe21sCen.pdf c295887d295887 001040aCLbCLd2016-06-09l0r2016-06-09 00:00:00w2016-06-09yCBE